000 00819nam a2200253 a 4500
001 20175
003 BD-RjUL
005 20211209000530.0
008 140226r19641951enk 000 0 eng d
035 _a(BD-RjUL)20237
035 _a(OCoLC)4124968
040 _aMOL
_cMOL
_beng
_dBD-RjUL
041 _aeng
082 0 4 _a942.07
_bSWH 1964
100 1 _aSwift, Jonathan,
_d1667-1745.
_962163
245 1 4 _aThe history of the four last years of the Queen /
_cJonathan Swift ; with an introduction by Harold Williams.
260 _aOxford :
_bBasil Blackwell,
_c1951 [reprinted 1964].
300 _axxxvi, 252 p. :
_c20 cm.
650 0 _aHistory
_xAnne
_y1702-1714.
_zGreat Britain
_962164
830 0 _vv.7
_962167
700 1 _aWilliams, Harold,
_cSir,
_d1880-1964.
_962166
942 _2ddc
_cBK
999 _c20175
_d20175